Serial Heartbreaker - FLETCHER - Statistics

General Stats
  • This quiz has been taken 2 times
  • The average score is 218 of 230
Answer Stats
Hint Answer % Correct
A
100%
a
100%
alone
100%
And
100%
and
100%
at
100%
baby,
100%
Band-Aid
100%
best
100%
blame
100%
breakin'
100%
but
100%
But
100%
'Cause
100%
close
100%
Chorus | Intro Crybaby,
100%
Different
100%
different
100%
Don't
100%
dreams
100%
every
100%
for
100%
fuck
100%
get
100%
girl
100%
go
100%
God
100%
hate
100%
heartbreaker
100%
Heartbreaker
100%
her
100%
hit
100%
hold
100%
hurry,
100%
Hurry,
100%
I
100%
I'm
100%
it
100%
it's
100%
It's
100%
just
100%
keep
100%
let
100%
like
100%
made
100%
many
100%
me,
100%
me
100%
minute,
100%
my
100%
not
100%
of
100%
off
100%
people,
100%
places
100%
questions
100%
rip
100%
serial
100%
Serial
100%
Verse 1 So
100%
somebody
100%
spot
100%
sucker
100%
the
100%
then
100%
there
100%
time
100%
to
100%
too
100%
Too
100%
up
100%
want
100%
want,
100%
way
100%
way,
100%
what
100%
when
100%
you
100%
You
100%
you're
100%
contradict
50%
enough
50%
give
50%
in
50%
lessons
50%
lot
50%
love
50%
much
50%
myself
50%
overcomplicate
50%
overlove,
50%
Sensitive,
50%
share
50%
situations
50%
tend
50%
That's
50%
underplay
50%
more,
0%
soon
0%
No matching quizzes found
Score Distribution
Percent of People with Each Score
Percentile by Number Answered
Your Score History
You have not taken this quiz